| 000 | 00374nam a2200133Ia 4500 | ||
|---|---|---|---|
| 008 | 240624s9999 xx 000 0 und d | ||
| 041 | _aeng | ||
| 082 | _a658.150285 AND | ||
| 100 | _aROEHL ANDERSON JANICE | ||
| 245 | _aIT BEST PRACTICES FOR FINANCIAL MANAGERS | ||
| 260 |
_c2010 _aNew Jersey _bJohn Wiley and Sons |
||
| 300 | _axxxii, : 316 : p. : cm. ; 23 | ||
| 365 |
_c _b30 |
||
| 999 |
_c15105 _d15105 |
||